| 000 | 00383nam a2200145Ia 4500 | ||
|---|---|---|---|
| 008 | 230917s9999||||xx |||||||||||||| ||und|| | ||
| 040 |
_e129620 _aMAIN |
||
| 041 | _aEnglish | ||
| 082 | _a647.94 A67H | ||
| 100 | _aArora, R K | ||
| 245 | 0 | _aHotel organisation and front office management | |
| 260 |
_aNew Delhi _bAPH Publishing Corporation _c2009 |
||
| 300 | _a280 p. | ||
| 942 | _cBK | ||
| 999 |
_c154022 _d154022 |
||